<?xml version="1.0" encoding="UTF-8"?>
<record
    xmlns:xsi="http://www.w3.org/2001/XMLSchema-instance"
    xsi:schemaLocation="http://www.loc.gov/MARC21/slim http://www.loc.gov/standards/marcxml/schema/MARC21slim.xsd"
    xmlns="http://www.loc.gov/MARC21/slim">

  <leader>01920    a2200277   4500</leader>
  <datafield tag="999" ind1=" " ind2=" ">
    <subfield code="c">96008</subfield>
    <subfield code="d">96008</subfield>
  </datafield>
  <controlfield tag="005">20240208135846.0</controlfield>
  <controlfield tag="008">190611b        th ||||| |||| 00| 0 tha d</controlfield>
  <datafield tag="020" ind1=" " ind2=" ">
    <subfield code="a">9789742319793</subfield>
  </datafield>
  <datafield tag="040" ind1=" " ind2=" ">
    <subfield code="a">NALT</subfield>
  </datafield>
  <datafield tag="050" ind1=" " ind2=" ">
    <subfield code="a">DS 523.2</subfield>
    <subfield code="b">&#xE2D;329&#xE01; 2561</subfield>
  </datafield>
  <datafield tag="100" ind1="0" ind2=" ">
    <subfield code="a">&#xE2D;&#xE23;&#xE19;&#xE38;&#xE0A; &#xE1E;&#xE24;&#xE12;&#xE34;&#xE1E;&#xE34;&#xE1A;&#xE39;&#xE25;&#xE18;&#xE23;&#xE23;&#xE21;</subfield>
    <subfield code="9">40285</subfield>
  </datafield>
  <datafield tag="245" ind1="1" ind2="0">
    <subfield code="a">&#xE01;&#xE32;&#xE23;&#xE1B;&#xE23;&#xE31;&#xE1A;&#xE15;&#xE31;&#xE27;&#xE43;&#xE19;&#xE27;&#xE31;&#xE12;&#xE19;&#xE18;&#xE23;&#xE23;&#xE21;&#xE25;&#xE38;&#xE48;&#xE21;&#xE19;&#xE49;&#xE33;&#xE42;&#xE02;&#xE07; CLMV (&#xE01;&#xE31;&#xE21;&#xE1E;&#xE39;&#xE0A;&#xE32; &#xE2A;&#xE1B;&#xE1B;.&#xE25;&#xE32;&#xE27; &#xE40;&#xE21;&#xE35;&#xE22;&#xE19;&#xE21;&#xE32;&#xE23;&#xE4C; &#xE41;&#xE25;&#xE30;&#xE40;&#xE27;&#xE35;&#xE22;&#xE14;&#xE19;&#xE32;&#xE21;) &#xE04;&#xE27;&#xE32;&#xE21;&#xE23;&#xE39;&#xE49;&#xE43;&#xE19;&#xE01;&#xE32;&#xE23;&#xE1B;&#xE23;&#xE31;&#xE1A;&#xE15;&#xE31;&#xE27;&#xE40;&#xE1E;&#xE37;&#xE48;&#xE2D;&#xE01;&#xE32;&#xE23;&#xE17;&#xE33;&#xE07;&#xE32;&#xE19;&#xE41;&#xE25;&#xE30;&#xE01;&#xE32;&#xE23;&#xE2D;&#xE22;&#xE39;&#xE48;&#xE2D;&#xE32;&#xE28;&#xE31;&#xE22; /</subfield>
    <subfield code="c">&#xE2D;&#xE23;&#xE19;&#xE38;&#xE0A; &#xE1E;&#xE24;&#xE12;&#xE34;&#xE1E;&#xE34;&#xE1A;&#xE39;&#xE25;&#xE18;&#xE23;&#xE23;&#xE21;.</subfield>
  </datafield>
  <datafield tag="246" ind1=" " ind2=" ">
    <subfield code="a">&#xE1E;&#xE34;&#xE21;&#xE1E;&#xE4C;&#xE04;&#xE23;&#xE31;&#xE49;&#xE07;&#xE17;&#xE35;&#xE48; 1</subfield>
  </datafield>
  <datafield tag="260" ind1=" " ind2=" ">
    <subfield code="a">&#xE01;&#xE23;&#xE38;&#xE07;&#xE40;&#xE17;&#xE1E;&#xE2F; :  </subfield>
    <subfield code="b">&#xE2A;&#xE33;&#xE19;&#xE31;&#xE01;&#xE1E;&#xE34;&#xE21;&#xE1E;&#xE4C;&#xE2A;&#xE16;&#xE32;&#xE1A;&#xE31;&#xE19;&#xE1A;&#xE31;&#xE13;&#xE11;&#xE34;&#xE15;&#xE1E;&#xE31;&#xE12;&#xE19;&#xE1A;&#xE23;&#xE34;&#xE2B;&#xE32;&#xE23;&#xE28;&#xE32;&#xE2A;&#xE15;&#xE23;&#xE4C;, </subfield>
    <subfield code="c">2561.</subfield>
  </datafield>
  <datafield tag="300" ind1=" " ind2=" ">
    <subfield code="a">439 &#xE2B;&#xE19;&#xE49;&#xE32; :</subfield>
    <subfield code="b">&#xE20;&#xE32;&#xE1E;&#xE1B;&#xE23;&#xE30;&#xE01;&#xE2D;&#xE1A;, &#xE15;&#xE32;&#xE23;&#xE32;&#xE07; ;</subfield>
    <subfield code="c">26 &#xE0B;&#xE21;.</subfield>
  </datafield>
  <datafield tag="650" ind1=" " ind2="4">
    <subfield code="9">40287</subfield>
    <subfield code="a">&#xE01;&#xE32;&#xE23;&#xE1B;&#xE23;&#xE31;&#xE1A;&#xE15;&#xE31;&#xE27;&#xE17;&#xE32;&#xE07;&#xE27;&#xE31;&#xE12;&#xE19;&#xE18;&#xE23;&#xE23;&#xE21;</subfield>
    <subfield code="z">&#xE20;&#xE39;&#xE21;&#xE34;&#xE20;&#xE32;&#xE04;&#xE25;&#xE38;&#xE48;&#xE21;&#xE41;&#xE21;&#xE48;&#xE19;&#xE49;&#xE33;&#xE42;&#xE02;&#xE07;</subfield>
  </datafield>
  <datafield tag="651" ind1=" " ind2="4">
    <subfield code="9">40286</subfield>
    <subfield code="a">&#xE20;&#xE39;&#xE21;&#xE34;&#xE20;&#xE32;&#xE04;&#xE25;&#xE38;&#xE48;&#xE21;&#xE41;&#xE21;&#xE48;&#xE19;&#xE49;&#xE33;&#xE42;&#xE02;&#xE07;</subfield>
    <subfield code="x">&#xE04;&#xE27;&#xE32;&#xE21;&#xE40;&#xE1B;&#xE47;&#xE19;&#xE2D;&#xE22;&#xE39;&#xE48;&#xE41;&#xE25;&#xE30;&#xE1B;&#xE23;&#xE30;&#xE40;&#xE1E;&#xE13;&#xE35;</subfield>
  </datafield>
  <datafield tag="651" ind1=" " ind2="0">
    <subfield code="a">&#xE40;&#xE2D;&#xE40;&#xE0A;&#xE35;&#xE22;&#xE15;&#xE30;&#xE27;&#xE31;&#xE19;&#xE2D;&#xE2D;&#xE01;&#xE40;&#xE09;&#xE35;&#xE22;&#xE07;&#xE43;&#xE15;&#xE49;</subfield>
    <subfield code="x">&#xE04;&#xE27;&#xE32;&#xE21;&#xE40;&#xE1B;&#xE47;&#xE19;&#xE2D;&#xE22;&#xE39;&#xE48;&#xE41;&#xE25;&#xE30;&#xE1B;&#xE23;&#xE30;&#xE40;&#xE1E;&#xE13;&#xE35;</subfield>
    <subfield code="9">27425</subfield>
  </datafield>
  <datafield tag="651" ind1=" " ind2="4">
    <subfield code="9">27347</subfield>
    <subfield code="a">&#xE01;&#xE31;&#xE21;&#xE1E;&#xE39;&#xE0A;&#xE32; </subfield>
    <subfield code="x">&#xE04;&#xE27;&#xE32;&#xE21;&#xE23;&#xE39;&#xE49;&#xE17;&#xE31;&#xE48;&#xE27;&#xE44;&#xE1B;</subfield>
  </datafield>
  <datafield tag="651" ind1=" " ind2="4">
    <subfield code="9">27343</subfield>
    <subfield code="a">&#xE25;&#xE32;&#xE27; </subfield>
    <subfield code="x">&#xE04;&#xE27;&#xE32;&#xE21;&#xE23;&#xE39;&#xE49;&#xE17;&#xE31;&#xE48;&#xE27;&#xE44;&#xE1B;</subfield>
  </datafield>
  <datafield tag="651" ind1=" " ind2="4">
    <subfield code="9">27346</subfield>
    <subfield code="a">&#xE40;&#xE21;&#xE35;&#xE22;&#xE19;&#xE21;&#xE32;&#xE23;&#xE4C; </subfield>
    <subfield code="x">&#xE04;&#xE27;&#xE32;&#xE21;&#xE23;&#xE39;&#xE49;&#xE17;&#xE31;&#xE48;&#xE27;&#xE44;&#xE1B;</subfield>
  </datafield>
  <datafield tag="651" ind1=" " ind2="4">
    <subfield code="9">27345</subfield>
    <subfield code="a">&#xE40;&#xE27;&#xE35;&#xE22;&#xE14;&#xE19;&#xE32;&#xE21; </subfield>
    <subfield code="x">&#xE04;&#xE27;&#xE32;&#xE21;&#xE23;&#xE39;&#xE49;&#xE17;&#xE31;&#xE48;&#xE27;&#xE44;&#xE1B;</subfield>
  </datafield>
  <datafield tag="850" ind1=" " ind2=" ">
    <subfield code="a">NALT</subfield>
  </datafield>
  <datafield tag="942" ind1=" " ind2=" ">
    <subfield code="2">lcc</subfield>
    <subfield code="c">GB</subfield>
  </datafield>
  <datafield tag="998" ind1=" " ind2=" ">
    <subfield code="j">1020</subfield>
    <subfield code="k"> &#xE19;&#xE32;&#xE07;&#xE08;&#xE33;&#xE40;&#xE23;&#xE35;&#xE22;&#xE07;  &#xE23;&#xE30;&#xE27;&#xE31;&#xE07;&#xE2A;&#xE33;&#xE42;&#xE23;&#xE07;</subfield>
  </datafield>
  <datafield tag="952" ind1=" " ind2=" ">
    <subfield code="0">0</subfield>
    <subfield code="1">0</subfield>
    <subfield code="2">lcc</subfield>
    <subfield code="4">0</subfield>
    <subfield code="7">0</subfield>
    <subfield code="8">CASEAN</subfield>
    <subfield code="a">NALT</subfield>
    <subfield code="b">NALT</subfield>
    <subfield code="d">2019-06-07</subfield>
    <subfield code="e">1</subfield>
    <subfield code="g">585.00</subfield>
    <subfield code="o">ASEAN DS 523.2 &#xE2D;329&#xE01; 2561</subfield>
    <subfield code="p">3961209379</subfield>
    <subfield code="r">2019-06-14 00:00:00</subfield>
    <subfield code="v">650.00</subfield>
    <subfield code="w">2019-06-07</subfield>
    <subfield code="y">GB</subfield>
  </datafield>
</record>
